000 00495nam a2200193Ia 4500
008 240510s9999 xx 000 0 und d
020 _a9781420061000
041 _aEng
082 _a629.28
082 _bH15
100 _aFISHER, DONALD L. (et al.)
245 0 _aHAND BOOK OF DRIVING SIMULATION FOR ENGINEERING, MEDICINE, AND PSHCHOLOGY
260 _bUSA CRC PRESS
260 _c2011
300 _a680 p.
650 _aAOTOMOBILE DRIVING SIMULATORS
942 _2ddc
942 _cRBK
999 _c29199
_d29199
945 _a1
_bMadushi Gamage
_c1
_dMadushi Gamage